Valparaíso, más allá de la postal: 50 años de cine chileno. 1960-2010

Salvato in:
Dettagli Bibliografici
Autore principale: Abarca Lobos, Claudio (autor)
Natura: Libro
Lingua:spagnolo
Pubblicazione: Valparaíso Universitarias 2011
Soggetti:
Tags: Aggiungi Tag
Nessun Tag, puoi essere il primo ad aggiungerne!!

MARC

LEADER 00000cam a2200000 a 4500
001 UCG8521
003 CL-VaPUC
008 111212e20110000CL |||||||||||||||||spa|d
020 |a 9789561704985 
082 0 4 |a 791.430983  |b ABA  |2 21 
100 |a Abarca Lobos, Claudio  |e autor  |9 559580 
245 1 0 |a Valparaíso, más allá de la postal: 50 años de cine chileno. 1960-2010 
300 |a 191 p 
942 |c BK 
945 |d 20111212 00:00:00  |a dcastane 
260 |a Valparaíso  |b Universitarias  |c 2011 
650 0 |a Cine chileno  |9 265165 
650 0 |a Historia del cine  |9 265166 
583 |a last modification  |c 20111212 13:13:00  |k Rodrigo Vera 
999 |c 346128  |d 346126 
952 |0 0  |1 0  |2 ddc  |4 0  |6 791_430983000000000_ABA_2011  |7 0  |8 A  |9 446626  |a BIBART  |b FDOSRS  |d 2019-11-22  |i 4812549  |o 791.430983 ABA 2011  |p 4812549  |r 2023-01-11  |w 2019-11-22  |y BK  |k ART 
952 |0 0  |1 0  |2 ddc  |4 0  |6 791_430983000000000_ABA_2011  |7 0  |8 A  |9 446627  |a BIBART  |b FDOSRS  |d 2019-11-22  |i 4815211  |o 791.430983 ABA 2011  |p 4815211  |r 2025-03-13  |w 2019-11-22  |y BK  |k ART 
952 |0 0  |1 0  |4 0  |6 791_430983000000000_ABA_2011  |7 0  |8 A  |9 446628  |a BIBCUR  |b BIBCUR  |d 2019-11-22  |i 4815246  |o 791.430983 ABA 2011  |p 4815246  |r 2025-04-22  |w 2019-11-22  |y BK  |k PER 
952 |0 0  |1 0  |4 0  |6 791_430983000000000_ABA_2011  |7 0  |8 A  |9 446629  |a BIBING  |b BIBING  |d 2019-11-22  |i 4839714  |o 791.430983 ABA 2011  |p 4839714  |r 2025-01-20  |w 2019-11-22  |y BK  |k CUI 
952 |0 0  |1 0  |2 ddc  |3 erb  |4 0  |6 791_430983000000000_ABA_2011  |7 0  |8 A  |9 446630  |a BIBART  |b FDOSRS  |i 5164729  |o 791.430983 ABA 2011  |p 5164729  |r 2025-03-13  |w 2019-11-22  |y BK  |z Catalogado en:20150626  |k SRS